02320nam a22002057a 4500003000900000005001700009008003800026020001800064040002200082100004500104245010100149260003700250300002000287500007100307505166700378590002602045910001402071942001202085999001702097DO-SdBNP20210419131037.0210419b dr |||| 00| 0 spa d a9789945167054 aBPMSUbspacBPMSU aCoss Frías, Elvira Angélicad1941 -  aSobre el Patrimonio Cultural :bMueble, Inmueble e Intangible /cElvira Angélica Coss Frías  aSanto Domingo :bBúho, c2015. a69 p. ,c23 cm. aIncluyes datos biográfico del autor en la solapa de la cubierta. 8Introducir -- El foro a colón -- Más allá del Ozama -- Usos múltiples -- El Patrimonio Cultural -- La Restauración Patrimonial -- Esfuerzos nacionales e internacionales -- Normas de Quito, Ecuador -- Labor ética y normativa -- Convención de la haya para la protección de los bienes culturales en caso de conflicto armado y el protocolo anexo -- Régimen de protección de especial -- Reglamento de aplicación -- Protocolo anexo -- Convención de París sobre las medidas que deben adoptarse para prohibir e impedir la importación, la exportación y transferencia de propiedades ilícita de bienes culturales -- Bienes culturales . Definición -- Comité gubernamental para promover el retorno de los bienes de los bienes culturales a sus países de origen o de su restitución en caso de apropiación ilegal -- Convención del patrimonio mundial cultural y natural -- Bienes culturales naturales . Criterios -- EL comité intergubernamental de protección del patrimonio mundial cultural y natural de valor cultural universal excepcional -- El fondo para la protección del Patrimonio cultural y natural -- Oportunidades que representa la inscripción de los bienes culturales en la lista del patrimonio mundial -- Cargas que representa la inscripciones de los bienes culturales en la lista del patrimonio mundial -- Servidumbres -- Desafió que entraña la inscripción -- Lista de accesoria -- Patrimonio subacuático -- Acción operativa. Asistencia técnica -- Modalidad Particular : las Campañas internacionales de salvaguarda -- Patrimonio Latinoamericano y Caribeño -- Ejemplos destacados -- conclusión.  6Inventariado,2021/ MC aMcabrera. 2ddccBK c13426d13426